Die 110 größten Deutschen - Statistiken

Allgemein
  • Dieses Quiz wurde 639 mal gespielt
  • Das Durchschnittsergebnis liegt bei 37 aus 110
Antwortstatistiken
Nr Hint Antwort % Korrekt
16 Politikerin (Kanzlerin Angela Merkel
99%
2 Reformator Martin Luther
88%
1 Politiker Konrad Adenauer
82%
10 Physiker Albert Einstein
81%
7 Dichter Johann Wolfgang von Goethe
79%
8 Buchdrucker Johannes Gutenberg
73%
13 Politiker Helmut Kohl
72%
6 Komponist Johann Sebastian Bach
72%
12 Komponist Ludwig van Beethoven
70%
64 Dichter Friedrich von Schiller
65%
76 Politiker (Kanzler) Gerhard Schröder
65%
5 Politiker Willy Brandt
65%
105 Fußballspieler Gerd Müller
64%
41 Kabarettist und Entertainer Harald Schmidt
64%
21 Politiker Helmut Schmidt
64%
35 Tennisspieler Boris Becker
63%
38 Sängerin (Luftballons) Nena
63%
60 Basketballspieler Dirk Nowitzki
62%
36 Fußballspieler und -trainer Franz Beckenbauer
60%
26 Automobilrennfahrer Michael Schumacher
56%
32 Tennisspielerin Steffi Graf
56%
71 Schriftsteller Thomas Mann
55%
40 Autorin (Tagebuch) Anne Frank
54%
56 Kinder- & Hausmärchen Jacob und Wilhelm Grimm
54%
85 Ingenieur und Automobilpionier Carl Friedrich Benz
52%
9 Staatsmann Otto von Bismarck
52%
24 Fernsehmoderator Thomas Gottschalk
52%
4 Widerstandskämpfer Geschwister Scholl
50%
55 Komiker Heinz Erhard
49%
3 Philosoph Karl Marx
49%
27 Politiker (Kanzler) Ludwig Erhard
49%
29 Fernsehmoderator Günther Jauch
48%
88 Fußballspieler (HSV) Uwe Seeler
48%
20 Komponist Wolfgang Amadeus Mozart
44%
100 TV Entertainer Stefan Raab
43%
62 Politiker Franz Josef Strauß
40%
82 Fußballspieler (Wunder von Bern) Helmut Rahn
40%
19 Hersteller Jeanshosen Levi Strauss
40%
109 Komponist Richard Strauss
40%
42 König von Preußen Friedrich II der Große
39%
43 Philosoph Immanuel Kant
39%
23 Feministin Alice Schwarzer
37%
68 Schlagersängerin (ESC Siegerin) Nicole
36%
30 Musiker / Musikproduzent Dieter Bohlen
35%
104 Modedesigner Karl Lagerfeld
35%
31 Radrennfahrer Jan Ullrich
34%
59 Raketenkonstrukteur Wernher von Braun
34%
61 Sänger, Punk Campino
32%
48 Offizier, Widerstandskämpfer Claus Schenk Graf von Stauffenberg
32%
51 Politiker Joschka Fischer
32%
66 Eiskunstläuferin Katarina Witt
32%
15 Computerpionier Konrad Zuse
32%
106 Entwickler (Flugschiff) Ferdinand Graf von Zeppelin
31%
50 Bakteriologie Robert Koch
29%
103 Schriftsteller (Blechtrommel) Günter Grass
28%
22 Schwimmerin Franziska von Almsick
27%
74 Skispringer Sven Hannawald
27%
91 Dramatiker und Librettist Bertolt Brecht
26%
67 Fußballspieler Fritz Walter
26%
57 Quantenphysiker Max Planck
25%
54 Fußballspieler und -trainer Rudi Völler
25%
78 Philosoph Friedrich Nietzsche
24%
110 Pirat Klaus Störtebecker
24%
84 Boxer Max Schmeling
24%
65 Komponist Richard Wagner
24%
14 Industrieller Robert Bosch
24%
86 Schriftsteller (Buch der Lieder) Heinrich Heine
23%
92 Bundespräsident Theodor Heuss
23%
58 Naturforscher, Geograph Alexander von Humboldt
22%
46 Schlagersänger Heino
22%
53 Cartoonist, Autor, RegisseurSchauspieler Loriot (Vicco von Bülow)
22%
79 Studentenführer Rudi Dutschke
22%
52 Schriftsteller Karl May
21%
95 Erfinder, Elektroingenieur Werner von Siemens
21%
49 Filmschauspielerin, Sängerin Marlene Dietrich
20%
45 Mystikerin, Ordensfrau Hildegard von Bingen
19%
90 Vertreterin Arbeiterbewegung Rosa Luxemburg
19%
102 Fürst der Römer besiegte Arminius der Cherusker
18%
25 Sänger Herbert Grönemeyer
18%
72 Schrifsteller Herrmann Hesse
18%
28 Physiker Wilhelm Conrad Röntgen
16%
37 Fabrikant Oskar Schindler
15%
83 Maler und Grafiker Albrecht Dürer
14%
44 Schriftsteller (Nachkriegszeit) Heinrich Böll
13%
47 Politiker Richard von Weizsäcker
13%
80 Unternehmerin Beate Uhse
12%
81 Mathematiker, Astronom,Physiker Carl Friedrich Gauß
12%
34 Theologe, Widerstandskämpfer Dietrich Bonhoeffer
12%
39 Politiker Hans-Dietrich Genscher
11%
73 Schauspielerin Romy Schneider
10%
89 Schriftsteller und Publizist Erich Kästner
9%
101 Astronom Johannes Kepler
9%
17 Schauspieler Klaus Kinski
9%
96 Philosoph und Mathematiker Gottfried Wilhelm von Leibniz
8%
99 Ingenieur und Erfinder Rudolf Diesel
8%
93 Schriftsteller und Journalist Theodor Fontane
8%
75 Volksschauspieler Willy Millowitsch
8%
18 Evangelischer TheologeArzt, Musiker, Philosoph Albert Schweitzer
7%
11 Katholischer Theologeund Sozialreformer Adolph Kolping
6%
97 Philosoph und Hochschullehrer Arthur Schopenhauer
6%
77 Aktionskünstler, Bildhauer Joseph Beuys
6%
69 Ingenieur Otto Lilienthal
5%
94 Dichter und Zeichner Wilhelm Busch
5%
33 Mechaniker und Unternehmer Carl Friedrich Zeiss
4%
87 Philologe Konrad Duden
3%
70 Publizistin (Zeit) Marion Gräfin Dönhoff
3%
107 Komiker Karl Valentin
2%
98 Schriftsteller (Ignaz Wrobel) Kurt Tucholsky
2%
63 Katholischer GeistlicherNaturheilkundler Sebastian Kneipp
2%
108 Zoologe Bernhard Grzimek
1%
Keine übereinstimmenden Quizze gefunden
Verteilung der Resultate
Anzahl Personen mit jedem Resultat
Perzentil nach korrekt beantworteten Fragen
Ihre Resultats-Entwicklung
Sie haben dieses Quiz noch nicht gespielt